000
00543nam a2200133Ia 4500
008
100328s9999 xx 000 0 und d
082
_b
4809
100
_a
टिपनीस गोविंद गोपाळ
245
_a
साक्रेटीस आणि त्याचे विचार
260
_b
मनोहर छापखाना
630
_a
साक्रेटीस आणि त्याचे विचार
730
_a
साक्रेटीस आणि त्याचे विचार
942
_c
BOOK
999
_c
500826
_d
500823